Vplyv urbanizácie na výšku a rozdelenie príjmov diplomová práca

Salvato in:
Dettagli Bibliografici
Autore principale: Turnerová, Žaneta
Ente Autore: Národohospodárska fakulta EU. Katedra hospodárskej politiky
Altri autori: Morvay, Karol, 1973-
Natura: Libro
Lingua:slovacco
Pubblicazione: Bratislava 2019
Tags: Aggiungi Tag
Nessun Tag, puoi essere il primo ad aggiungerne!!

MARC

LEADER 00000nbm a2200000 4500
001 0254852
005 20190722123016.2
041 0 |a slo 
044 |a SK 
245 1 0 |a Vplyv urbanizácie na výšku a rozdelenie príjmov  |b diplomová práca  |c Žaneta Turnerová ; školiteľ: Karol Morvay 
264 1 |a Bratislava  |c 2019 
300 |a 61 s. 
100 1 |a Turnerová, Žaneta 
700 1 |a Morvay, Karol, 1973- 
710 2 |a Národohospodárska fakulta EU. Katedra hospodárskej politiky